Quelle ville commençant par N? - Statistiques

Statistiques générales
  • Ce quiz a été pris 501 fois
  • Le résultat moyen est 11 sur 20
Statistiques - réponses
Hint Réponse % Correct
Elle est composée entre autres de Brooklyn et Manhattan New York
99%
Capitale du Kenya Nairobi
91%
Plus grande ville à proximité du Vésuve Naples
91%
C'est dans cette ville que les responsable du régime nazi furent jugés Nuremberg
89%
Chef-lieu de la Loire-Atlantique Nantes
88%
Cette ville dispose du premier aéroport de France si l'on exclut ceux de Paris Nice
78%
Capitale divisée en deux entre Grecs et Turcs Nicosie
66%
Capitale de la musique country Nashville
60%
Capitale de la Mauritanie Nouakchott
59%
Capitale du Niger Niamey
57%
Capitale de la Wallonie en Belgique Namur
54%
Le shérif de Robin des Bois s'y était installé Nottingham
53%
Jusqu'en 2019 elle s'appelait Astana Noursoultan
35%
Les Japonnais causèrent un massacre quand ils prirent cette ville en 1937 Nankin
34%
Le pachinko est né dans cette ville japonnaise Nagoya
28%
Elle s'appelait Gorki en période soviétique Nijni Novgorod
23%
Ville centre de l'agglomération du Tyneside Newcastle upon Tyne
15%
Plus ancienne ville des Pays-Bas Nimègue
14%
On l'appelle l'"Athènes serbe" Novi Sad
14%
Elle fut fondée le jour de Noël, d'où son nom Natal
10%
Aucun quiz correspondant
Distribution des résultats
% des personnes avec chaque résultat
Percentile par nombre de réponses
Votre historique - résultats
Vous n’avez pas pris ce quiz